Exprimere cavsam in sententia: ricerche sul principio di motivazione della sentenza nell'età del diritto comune classico

Furkejuvvon:
Bibliográfalaš dieđut
Váldodahkki: Mancuso, Fulvio (autor)
Materiálatiipa: Girji
Giella:itáliagiella
Almmustuhtton: Milán A. Giuffrè 1999
Ráidu:Quaderni di Stidu Senesi, 89
Fáttát:
Fáddágilkorat: Lasit fáddágilkoriid
Eai fáddágilkorat, Lasit vuosttaš fáddágilkora!

MARC

LEADER 00000nam a2200000 a 4500
001 UCM0685
003 CL-VaPUC
008 020308e19990000IT |||||||||||||||||ita|d
082 0 4 |a 340.57  |b MAN  |2 21 
100 |a Mancuso, Fulvio  |e autor  |9 467595 
245 1 0 |a Exprimere cavsam in sententia: ricerche sul principio di motivazione della sentenza nell'età del diritto comune classico 
300 |a 272 p 
942 |c BK 
945 |d 20020308 00:00:00  |a vberengu 
260 |a Milán  |b A. Giuffrè  |c 1999 
650 7 |a SENTENCIA  |2 CL-VaPUC  |9 381937 
650 0 |a Derecho común  |9 376758 
583 |a last modification  |c 20020308 00:00:00  |k Rodrigo Vera 
490 0 |a Quaderni di Stidu Senesi, 89 
999 |c 299523  |d 299521 
952 |0 0  |1 0  |4 0  |6 340_570000000000000_MAN_1999  |7 0  |8 DER_HIS  |9 356120  |a BIBDER  |b BIBDER  |d 2019-11-21  |i 3712125  |o 340.57 MAN 1999  |p 3712125  |r 2023-01-25  |w 2019-11-21  |x Ubicación 4to Piso  |y BK  |z Estos recursos deben solicitarse con anticipación  |k DER